Was bedeutet "Ver-rückt-sein" in den Massenmedien: Devianz oder unauslöschliches Stigma?; Eine empirische Untersuchung der Berichterstattung über "abnorme Rechtsbrecher" in den Wiener Tageszeitungen
| Main Author: | |
|---|---|
| Format: | Print Book |
| Language: | German Undetermined language |
| Published: |
Wien Köln Graz
Böhlau
1985
|
| In: |
Schriftenreihe für angewandte Kommunikationsforschung (8)
Year: 1985 |
| Edition: | 1. Aufl. |
| Availability in Tübingen: | Present in Tübingen. IFK: B XI 100 UB: KB 8 E 31 |
| Check availability: | HBZ Gateway |
| Subito Delivery Service: | Order now. |
| Keywords: |
MARC
| LEADER | 00000cam a2200000 c 4500 | ||
|---|---|---|---|
| 001 | 273130889 | ||
| 003 | DE-627 | ||
| 005 | 20260206193043.0 | ||
| 007 | tu | ||
| 008 | 900710s1985 au ||||| m 00| ||ger c | ||
| 015 | |a 84,N51,0095 |2 dnb | ||
| 015 | |a 86,A21,0422 |2 dnb | ||
| 016 | 7 | |a 841122962 |2 DE-101 | |
| 020 | |a 3205022483 |9 3-205-02248-3 | ||
| 035 | |a (DE-627)273130889 | ||
| 035 | |a (DE-603)004417380 | ||
| 035 | |a (DE-576)020952201 | ||
| 035 | |a (DE-599)GBV273130889 | ||
| 035 | |a (OCoLC)230841017 | ||
| 035 | |a (OCoLC)844913899 | ||
| 035 | |a (OCoLC)938714503 | ||
| 035 | |a (OCoLC)21677132 | ||
| 040 | |a DE-627 |b ger |c DE-627 |e rakwb | ||
| 041 | |a ger |a und | ||
| 044 | |c XA-AT |c XA-DE | ||
| 082 | 0 | |a 302.23 | |
| 084 | |a 19 |a 14 |2 sdnb | ||
| 084 | |a 19 |a 14 |a 11 |a 06 |2 sdnb | ||
| 084 | |a AP 26740 |2 rvk |0 (DE-625)rvk/7199: | ||
| 084 | |a MR 5700 |2 rvk |0 (DE-625)rvk/123522: | ||
| 084 | |a MS 7950 |2 rvk |0 (DE-625)rvk/123799: | ||
| 090 | |a a | ||
| 100 | 1 | |8 1\p |a Seitz, Helga |0 (DE-588)172369274 |0 (DE-627)697312674 |0 (DE-576)133234126 |4 aut | |
| 109 | |a Seitz, Helga | ||
| 245 | 1 | 0 | |a Was bedeutet "Ver-rückt-sein" in den Massenmedien |b Devianz oder unauslöschliches Stigma?; Eine empirische Untersuchung der Berichterstattung über "abnorme Rechtsbrecher" in den Wiener Tageszeitungen |c von Helga Seitz |
| 250 | |a 1. Aufl. | ||
| 264 | 1 | |a Wien |a Köln |a Graz |b Böhlau |c 1985 | |
| 300 | |a III, 199 S. |b graph. Darst. | ||
| 336 | |a Text |b txt |2 rdacontent | ||
| 337 | |a ohne Hilfsmittel zu benutzen |b n |2 rdamedia | ||
| 338 | |a Band |b nc |2 rdacarrier | ||
| 490 | 1 | |a Schriftenreihe für angewandte Kommunikationsforschung |v 8 | |
| 502 | |a Zugl.: Wien, Univ., Diss., 1982 | ||
| 583 | 1 | |a Archivierung prüfen |c 20240324 |f DE-4165 |z 1 |2 pdager | |
| 650 | 0 | 7 | |0 (DE-588)4058881-6 |0 (DE-627)106145592 |0 (DE-576)209128313 |a Täter |2 gnd |
| 650 | 0 | 7 | |0 (DE-588)4019852-2 |0 (DE-627)106320092 |0 (DE-576)208930973 |a Geistige Behinderung |2 gnd |
| 650 | 0 | 7 | |0 (DE-588)4057799-5 |0 (DE-627)10614944X |0 (DE-576)209123745 |a Straftat |2 gnd |
| 650 | 0 | 7 | |0 (DE-588)4005709-4 |0 (DE-627)106380176 |0 (DE-576)208862420 |a Berichterstattung |2 gnd |
| 655 | 7 | |a Hochschulschrift |0 (DE-588)4113937-9 |0 (DE-627)105825778 |0 (DE-576)209480580 |2 gnd-content | |
| 689 | 0 | 0 | |d s |0 (DE-588)4037877-9 |0 (DE-627)106235079 |0 (DE-576)209027029 |a Massenmedien |2 gnd |
| 689 | 0 | 1 | |d s |0 (DE-588)4057799-5 |0 (DE-627)10614944X |0 (DE-576)209123745 |a Straftat |2 gnd |
| 689 | 0 | 2 | |d s |0 (DE-588)4005709-4 |0 (DE-627)106380176 |0 (DE-576)208862420 |a Berichterstattung |2 gnd |
| 689 | 0 | 3 | |d s |0 (DE-588)4058881-6 |0 (DE-627)106145592 |0 (DE-576)209128313 |a Täter |2 gnd |
| 689 | 0 | 4 | |d s |0 (DE-588)4019852-2 |0 (DE-627)106320092 |0 (DE-576)208930973 |a Geistige Behinderung |2 gnd |
| 689 | 0 | |5 DE-101 | |
| 689 | 1 | 0 | |d g |0 (DE-588)4066009-6 |0 (DE-627)106115952 |0 (DE-576)209161965 |a Wien |2 gnd |
| 689 | 1 | 1 | |d s |0 (DE-588)4067510-5 |0 (DE-627)106108832 |0 (DE-576)209170026 |a Zeitung |2 gnd |
| 689 | 1 | 2 | |d s |0 (DE-588)4057799-5 |0 (DE-627)10614944X |0 (DE-576)209123745 |a Straftat |2 gnd |
| 689 | 1 | 3 | |d s |0 (DE-588)4005709-4 |0 (DE-627)106380176 |0 (DE-576)208862420 |a Berichterstattung |2 gnd |
| 689 | 1 | 4 | |d s |0 (DE-588)4058881-6 |0 (DE-627)106145592 |0 (DE-576)209128313 |a Täter |2 gnd |
| 689 | 1 | 5 | |d s |0 (DE-588)4019852-2 |0 (DE-627)106320092 |0 (DE-576)208930973 |a Geistige Behinderung |2 gnd |
| 689 | 1 | |5 DE-101 | |
| 751 | |a Wien |0 (DE-588)4066009-6 |0 (DE-627)106115952 |0 (DE-576)209161965 |4 uvp | ||
| 830 | 0 | |a Schriftenreihe für angewandte Kommunikationsforschung |v 8 |9 801 |w (DE-627)130282294 |w (DE-576)009205705 |w (DE-600)569475-9 |7 am | |
| 883 | |8 1\p |a cgwrk |d 20241001 |q DE-101 |u https://d-nb.info/provenance/plan#cgwrk | ||
| 889 | |w (DE-627)162526369 | ||
| 935 | |i mdedup | ||
| 935 | |i sf | ||
| 935 | |h HEB |i 0501 | ||
| 935 | |h HEB |i 0503 | ||
| 936 | r | v | |a AP 26740 |b Rechtsprechung, Verbrechen |k Allgemeines |k Medien- und Kommunikationswissenschaften, Medienkulturwissenschaft, Kommunikationsdesign |k Zeitungswissenschaft |k Zeitungsthemen und -inhalte |k Rechtsprechung, Verbrechen |0 (DE-627)1270686682 |0 (DE-625)rvk/7199: |0 (DE-576)200686682 |
| 936 | r | v | |a MR 5700 |b Theorien des abweichenden Verhaltens |k Soziologie |k Sozialwissenschaftliche Theorien und Methoden |k Jüngere soziologische Theorie |k Theorien des abweichenden Verhaltens |0 (DE-627)1271428180 |0 (DE-625)rvk/123522: |0 (DE-576)201428180 |
| 936 | r | v | |a MS 7950 |b Zeitschriften, Zeitungen und Zeitungsteile (z. B. Comics) |k Soziologie |k Spezielle Soziologien |k Soziologie der Massenkommunikation und öffentlichen Meinung, Mediensoziologie |k Zeitschriften, Zeitungen und Zeitungsteile (z. B. Comics) |0 (DE-627)1271441756 |0 (DE-625)rvk/123799: |0 (DE-576)201441756 |
| 936 | s | n | |a a300 |2 mzub |
| 936 | s | n | |a m200 |2 mzub |
| 936 | s | n | |a p100 |2 mzub |
| 936 | s | n | |a c200 |2 mzub |
| 951 | |a BO | ||
| ELC | |b 1 | ||
| LOK | |0 000 xxxxxcx a22 zn 4500 | ||
| LOK | |0 001 3340541299 | ||
| LOK | |0 003 DE-627 | ||
| LOK | |0 004 273130889 | ||
| LOK | |0 005 19970410000000 | ||
| LOK | |0 008 900710||||||||||||||||ger||||||| | ||
| LOK | |0 040 |a DE-21 |c DE-627 |d DE-21 | ||
| LOK | |0 852 |a DE-21 | ||
| LOK | |0 852 1 |c KB 8 E 31 |9 00 | ||
| LOK | |0 935 |a krim | ||
| LOK | |0 936ln |a k1 | ||
| LOK | |0 939 |a 10-07-90 |b l01 | ||
| LOK | |0 000 xxxxxcx a22 zn 4500 | ||
| LOK | |0 001 3340541310 | ||
| LOK | |0 003 DE-627 | ||
| LOK | |0 004 273130889 | ||
| LOK | |0 005 20020607000000 | ||
| LOK | |0 008 930329||||||||||||||||ger||||||| | ||
| LOK | |0 040 |a DE-21-110 |c DE-627 |d DE-21-110 | ||
| LOK | |0 852 |a DE-21-110 | ||
| LOK | |0 852 1 |c B XI 100 |m p |9 00 | ||
| LOK | |0 935 |a k110 | ||
| LOK | |0 936ln |a 7.3.3.5 | ||
| LOK | |0 938 |k p | ||
| LOK | |0 939 |a 29-03-93 |b l01 | ||
| ORI | |a SA-MARC-krimdoka001.raw | ||
| SIG | |a IFK: B XI 100 | ||
| SIG | |a UB: KB 8 E 31 | ||
